| 000 | 00519nam a2200097Ia 4500 | ||
|---|---|---|---|
| 008 | 180130s9999 xx 000 0 und d | ||
| 245 |
_cBroberg, Oskar; Axelsson, Ann-Sofie; Sjoblom, Gustav _aEntrepreneurial exploitation of creative destruction and the ambiguity of knowledge in the emerging field of digital advertising |
||
| 260 | _c2013 | ||
| 300 | _aBook title: How entrepreneurs do what they do : case studies in knowledge intensive entrepreneurship--Acession number C17365; pages 105-118 | ||
| 650 | _aENTREPRENEURSHIP | ||
| 999 |
_c354464 _d354464 |
||